| 000 | 00000nam##2200000za#4500 |
| 001 | 9.575504 |
| 003 | CaOODSP |
| 005 | 20210624184709 |
| 007 | cr ||||||||||| |
| 008 | 150406|2007||||xxc|||||o f|0| 0 eng|d |
| 040 | |aCaOODSP|beng |
| 043 | |an-cn--- |
| 086 | 1 |aTU3-5/07-38E-PDF |
| 110 | 2 |aTransportation Safety Board of Canada. |
| 245 | 10|aLoss of control - Collision with building, Piper PA-34-200 Seneca C-GHFD Richmond, British Columbia, 19 October 2007 |h[electronic resource] |
| 260 | |aGatineau - Quebec : |bTransportation Safety Board of Canada |c[2007]. |
| 300 | |a17p.|bcoloured illus., references |
| 490 | 1 |aAviation investigation report |vA07P0357 |
| 590 | |a13-02-Supp|b2013-01-11 |
| 775 | 08|tPerte de maîtrise et collision avec un immeuble du Piper PA-34-200 Seneca C-GHFD à Richmond (Colombie-Britannique), le 19 octobre 2007 |w(CaOODSP)9.605024 |
| 830 | #0|aAviation investigation report ;|vA07P0357|w(CaOODSP)9.504825 |
| 856 | 40|ahttp://publications.gc.ca|qPDF|s364 KB|uhttps://publications.gc.ca/collections/collection_2012/bst-tsb/TU3-5-07-38-eng.pdf|yA07P0357 |